000 00794nam a2200253 a 4500
999 _c10899
_d10899
001 10899
003 BD-JhCC
005 20190706083156.0
008 190527b2018 bd ||||| a||| 00| 0 eng d
020 _a9789849302230
035 _a(BD-JhCC)10899
040 _aBD-JhCC
_dBD-JhCC
041 _aeng
082 _bMUR 2018
_a923
100 _aমুরশিদ, গোলাম
245 _aবিদ্রোহী রণক্লান্ত :
_bনজরুল-জীবনী /
_cগোলাম মুরশিদ,
260 _aঢাকা:
_bপ্রথমা প্রকাশন:
_c2018.
300 _a551 p. :
_bill.
_c22 cm.
600 _aIslam, Kazi Najrul
650 _aBiography
700 _aগোলাম মুরশিদ,
942 _2ddc
_cBK